Underage Drinking in Australia - Statistics

General Stats
  • This quiz has been taken 478 times
  • The average score is 6 of 17
Answer Stats
Hint Answer % Correct
How many teens between 14 - 17 die each week from Alchohol? 1
100%
What is the legal age to drink Alchohol? 18
98%
What % of adults believe it is okay to let their child drink with parental supervision? 49%
73%
Is underage drinking in Australia acceptable? No
67%
What % of teenagers aged 12 - 17 are current drinkers? 31%
65%
What % of adults in WA support underage drinking? 59%
65%
Where do most children first see adults drinking Alchohol? Home
59%
Name some long term harms of underage binge drinking. Disruption of brain/liver
27%
Assault
6%
Depression
5%
High risk sexual activity
4%
Aggression
3%
Name some short term harms of underage binge drinking. Road Trauma
2%
Suicidal Behaviour
2%
Decreased Academic and Sporting Performance
0%
Rude Towards Family
0%
Social Problems
0%
No matching quizzes found
Score Distribution
Percent of People with Each Score
Percentile by Number Answered
Your Score History
You have not taken this quiz